KMFDM songs - Statistics

General Stats
  • This quiz has been taken 191 times
  • The average score is 85 of 242
Answer Stats
Answer % Correct
10 Megalo
92%
1 Kunst
91%
1 Megalomaniac
89%
7 Anarchy
84%
2 Juke-joint jezebel
80%
1 Adios
78%
2 Stray bullet
78%
1 Money
76%
11 Money (Deutschmark mix)
76%
1 WWIII
76%
2 A drug against war
72%
2 Hau ruck
72%
1 Attak/reload
70%
2 Naive
70%
2 Don't blow your top
68%
11 Nihil
68%
6 R.U.O.K?
68%
3 Help us, save us, take us away
67%
1 Power
66%
10 Amnesia
63%
4 Hyëna
63%
1 Murder
63%
5 Torture
63%
3 D.I.Y
62%
8 Son of a gun
61%
3 Tohuvabohu
61%
3 What do you know?
61%
1 Hell yeah
59%
10 Me & my gun
59%
6 Split sperm
59%
9 Brute
58%
10 Waste
56%
7 Blame
54%
8 Cuntboy
54%
6 Itchy bitchy
54%
11 Itchy bitchy (dance version)
54%
8 Professional killer
54%
10 Ready to blow
54%
1 Light
53%
8 Not in my name
53%
8 Bullets, bombs & bigotry
52%
7 Dis-o-bedience
52%
4 Mercy
52%
5 Take it like a man
52%
2 UAIOE
52%
6 Inane
51%
1 Krank
51%
2 Vogue
51%
10 Vogue (2000)
51%
1 Up uranus
49%
5 Dogma
48%
11 Godlike (Chicago trax version)
48%
14 Godlike (Doglike mix)
48%
3 Leid elend
48%
6 Sex on the flag (Jezebeelzebuttfunk mix)
48%
9 Unfit
48%
4 Bargeld
47%
4 Never say never
47%
5 Terror
47%
2 Bait & switch
46%
9 Bitches
46%
11 Fairy
46%
1 No meat - no man
46%
5 Potz blitz!
46%
6 Pussy riot
46%
9 Sucks
46%
4 Paradise
44%
3 Rebels in kontrol
44%
1 Free your hate
43%
6 Murder my heart
43%
2 Ave Maria
42%
3 Blood (Evil mix)
42%
3 Davai
42%
11 Intro
42%
2 Looking for strange
42%
6 PIGGY
42%
9 Virus (Dub)
42%
13 Virus (Pestilence mix)
42%
2 Apathy
41%
4 Craze
41%
4 Our time will come
41%
6 People of the lie
41%
12 The unrestrained use of excessive force
41%
6 Vive la mort!
39%
3 Dirty
38%
3 Flesh
38%
9 Ikons
38%
7 Mini mini mini
38%
4 Beast
37%
8 Down out
37%
8 Full worm garden
37%
1 Kickin' ass
37%
1 K.M.F
37%
4 Piggybank
37%
8 Revolution
37%
3 Rules
37%
5 Spiritual house
37%
10 Wrath
37%
5 Glory
35%
4 Jihad
35%
7 Liebesleid (Edit)
35%
15 Liebesleid (Infringement mix)
35%
10 Mating sounds of helicopters
35%
4 New american century
35%
1 Ultra
35%
2 Come on - go off
34%
4 Lust
34%
4 Lynchmob
34%
6 Move on
34%
3 Oh my goth
34%
8 Strut
34%
8 A hole in the wall
33%
4 Disgust
33%
10 Disgust (Live)
33%
6 Friede
33%
2 From here on out
33%
10 I (heart) not
33%
3 Killing
33%
10 Killing (For your sampling kit)
33%
5 Salvation
33%
6 Search & destroy
33%
1 Welcome
33%
5 Witness
33%
7 Being boiled
32%
8 No news
32%
7 Stars & stripes
32%
10 Trust
32%
9 Under satan (Dub)
32%
5 Achtung!
30%
3 Die now, live later
30%
16 Die now, live later (Born again mix)
30%
7 En esch
30%
8 Ganja rock
30%
7 Superhero
30%
5 Rip the system (Duck & cover mix)
29%
7 That's all
29%
6 Every day's a good day
28%
2 Freak flag
28%
7 I will pray
28%
3 Loving can be an art (Saturation mix)
28%
2 Me I funk
28%
4 More & faster 243
28%
5 Real thing
28%
10 Revenge
28%
9 Rubicon
28%
1 Super power
28%
9 Thumb thumb
28%
4 Urban monkey warfare
28%
4 Zip
28%
3 Blackball
27%
11 Oh shit
27%
7 Pseudocide
27%
11 Sleep
27%
2 Sycophant
27%
10 The problem
27%
4 Today
27%
8 We must awaken
27%
8 Animal out
25%
10 Bereit
25%
1 Fix me up
25%
4 Helmut mein helmut
25%
6 King kong dub (Rubber mix)
25%
5 Oh look
25%
11 Take'm out
25%
7 What a race
25%
8 Go to hell
24%
12 Go to hell (Fuck MTV mix)
24%
4 I am what I am
24%
5 Last things
24%
7 No peace
24%
8 Panzerfaust
24%
3 Quake
24%
5 Save me
24%
2 Splatter
24%
7 Dystopia
23%
10 Liquor fish & cigarettes
23%
3 The smell
23%
6 Yohoho
23%
11 Bumaye
22%
1 Genau
22%
4 Hello
22%
2 No regret
22%
3 Respekt
22%
6 Thrash up!
22%
5 Warp'd
22%
11 Auf wiederseh'n
20%
13 Glam glitz guts & gore
20%
7 Los ninos
20%
9 Moron
20%
3 Oppression 1/2
20%
9 Spit or swallow
20%
9 The mess you made
20%
4 Total state machine
20%
9 Fake news
19%
6 Headcase
19%
5 Oppression 2/2
19%
6 Penetration
19%
9 Preach/pervert
19%
9 Raf ok
19%
10 Risen
19%
11 Death and burial of C.R
18%
10 Fait accompli
18%
11 In dub we trust
18%
12 Only lovers
18%
6 Pity for the pious
18%
8 Sturm & drang
18%
6 Blood vs Money
16%
5 Conillon
16%
9 Feed our fame
16%
5 Next big thing
16%
5 Saft und kraft
16%
3 You're no good
16%
7 Entschuldigung
15%
7 Get the tongue wet
15%
11 No God
15%
9 Positiv
15%
2 Rock 'n' roll monster
15%
10 Rx 4 the damned
15%
2 Shake the cage
15%
8 Shock
15%
8 Sieg sieg
15%
2 Skurk
15%
9 Spectre
14%
5 WDYWB
14%
1 All 4 1
13%
7 Deutsche schuld
13%
8 Brainwashed
11%
11 Burning brain
11%
10 Lufthans
11%
7 Rip the system v. 2.0
11%
5 All wrong - but alright
10%
8 Automaton
10%
9 Binge boil & blow
10%
8 Deluded desperate dangerous & dumb
10%
9 Playing God
10%
7 Disturb the peace
9%
3 Black hole
8%
7 Déjà vu
8%
9 Immortally yours
8%
9 Tod durch bongo-bongo
8%
6 Blindface
6%
10 Make your stand
6%
No matching quizzes found
Score Distribution
Percent of People with Each Score
Percentile by Number Answered
Your Score History
You have not taken this quiz